Жнива скорботи: радянська колективізація і голодомор (Запис № 307233)
[ простий вигляд ]
| 000 -Лідер | |
|---|---|
| fixed length control field | 00811nam a22002657a 4500 |
| 001 - Контрольний номер | |
| control field | 21041 |
| 003 - Ідентифікатор контрольного номера | |
| control field | UA-OsUOA |
| 005 - Дата та час останнього входження (трансакції) | |
| control field | 20191115101729.0 |
| 007 - Фіксоване поле фізичного опису | |
| fixed length control field | ta |
| 008 - Елементи даних фіксованої довжини – загальна інформація | |
| fixed length control field | 20031113b un ||||| |||| 00| 0 ukr d |
| 020 ## - Міжнародний стандартний книжковий номер (ISBN) | |
| Міжнародний стандартний книжковий номер (ISBN) (НП) | 5325004611 |
| 040 ## - Джерело каталогізації | |
| Агенція оригінальної каталогізації | UA-OsUOA |
| Мова каталогізації | ukr |
| Агенція, яка здійснювала перезапис | UA-OsUOA |
| Агенція, яка здійснювала модифікацію | UA-OsUOA |
| 041 ## - Код мови | |
| Код мови тексту/ звукової доріжки чи окремого заголовка (П) | ukr |
| 044 ## - Код країни видавця/ виробника | |
| Код країни видавця/ виробника (П) | UA |
| 080 ## - Індекс Універсальної десяткової класифікації | |
| Індекс Універсальної десяткової класифікації (УДК) (НП) | 94 (477).075 |
| 090 ## - Локальний шифр розміщення | |
| Класифікаційний індекс УДК | 94 (477).075 |
| Авторський знак (НП) | К64 |
| 100 ## - Основне введення – ім’я особи | |
| Ім’я особи (НП) | Конквест Р. |
| 245 ## - Відомості про назву | |
| Назва (НП) | Жнива скорботи: радянська колективізація і голодомор |
| 260 ## - Публікація, розповсюдження і т.п. (Вихідні дані) | |
| Місце публікації, розповсюдження і т.п. (П) | К. |
| Ім’я/ наймення видавництва, розповсюджувача і т.п. (П) | Либідь |
| Дата публікації, розповсюдження і т.п. (П) | 1993 |
| 300 ## - Фізичний опис | |
| Обсяг | 384 с. |
| Інші фізичні характеристики (НП) | Ілюстрації |
| 650 #7 - Додаткове предметне введення – тематичний термін | |
| Тематичний термін чи географічна назва, як елемент введення (НП) | 9 Географія. Біографії. Історія |
| Джерело заголовка чи терміна | UDC |
| 942 ## - Додаткові елементи входу (Коха) | |
| Тип елемента Koha | Книги |
| Source of classification or shelving scheme | Universal Decimal Classification |
| 955 ## - Код типу видання за змістом | |
| Код типу видання за змістом (НП) | Наукові видання |
| Стан вилучень | Стан втрат | Джерело класифікації або схеми стелажів | Стан уражень | Не для кредиту | Постійне місце розташування | Поточне розміщення | Дата придбання | Вартість, звичайна ціна покупки | Інвентарний номер | Усього замовленно | Повний номер виклику | Штрих-код | Дата останнього перегляду | Дата останньої перевірки | Ціна ефективна від | Тип елемента Koha | Джерело придбання | Код колекції | Перевірено | Усього утримується |
|---|---|---|---|---|---|---|---|---|---|---|---|---|---|---|---|---|---|---|---|---|
| Universal Decimal Classification | АБ - Абонемент НБ | АБ - Абонемент НБ | 13/11/2003 | 19.33 | 1094 | 1 | 94 (477).075 К64 | 1094 | 25/01/2022 | 13/12/2019 | 13/11/2003 | Книги | ||||||||
| Universal Decimal Classification | АБ - Абонемент НБ | АБ - Абонемент НБ | 13/11/2003 | 6.28 | 1096 | 1 | 94 (477).075 К64 | 1096 | 25/01/2022 | 10/12/2019 | 13/11/2003 | Книги | ||||||||
| Universal Decimal Classification | АБ - Абонемент НБ | АБ - Абонемент НБ | 13/11/2003 | 1098 | 2 | 94 (477).075 К64 | 1098 | 25/01/2022 | 17/02/2020 | 13/11/2003 | Книги | |||||||||
| Universal Decimal Classification | АБ - Абонемент НБ | АБ - Абонемент НБ | 13/11/2003 | 6.28 | 1099 | 2 | 94 (477).075 К64 | 1099 | 22/06/2023 | 17/02/2020 | 13/11/2003 | Книги | ||||||||
| Universal Decimal Classification | АБ - Абонемент НБ | АБ - Абонемент НБ | 13/11/2003 | 19.33 | 1100 | 1 | 94 (477).075 К64 | 1100 | 25/11/2025 | 19/07/2019 | 13/11/2003 | Книги | ||||||||
| Universal Decimal Classification | АБ - Абонемент НБ | АБ - Абонемент НБ | 13/11/2003 | 19.33 | 1102 | 1 | 94 (477).075 К64 | 1102 | 25/01/2022 | 13/12/2019 | 13/11/2003 | Книги | ||||||||
| Universal Decimal Classification | АБ - Абонемент НБ | АБ - Абонемент НБ | 13/11/2003 | 6.28 | 1103 | 1 | 94 (477).075 К64 | 1103 | 25/01/2022 | 11/12/2019 | 13/11/2003 | Книги | ||||||||
| Universal Decimal Classification | АБ - Абонемент НБ | АБ - Абонемент НБ | 19/09/2016 | 20.00 | 151912 | 94 (477).075 К64 | 151912 | 25/01/2022 | 13/11/2003 | Книги | 34/2016 | |||||||||
| Universal Decimal Classification | АБ - Абонемент НБ | АБ - Абонемент НБ | 28/09/2017 | 20.00 | 155849 | 94 (477).075 К64 | 155849 | 06/02/2022 | 13/11/2003 | Книги | 38/2017 | Колекція Жулинського М.Г. | ||||||||
| Universal Decimal Classification | АБ - Абонемент НБ | АБ - Абонемент НБ | 13/11/2003 | 6.28 | 209 | 94 (477).075 К64 | 209 | 09/05/2022 | 13/11/2003 | Книги | ||||||||||
| Universal Decimal Classification | АБ - Абонемент НБ | АБ - Абонемент НБ | 13/11/2003 | 12.00 | 210 | 1 | 94 (477).075 К64 | 210 | 25/01/2022 | 13/12/2019 | 13/11/2003 | Книги | ||||||||
| Universal Decimal Classification | АБ - Абонемент НБ | АБ - Абонемент НБ | 24/10/2007 | 211 | 94 (477).075 К64 | 211 | 13/07/2019 | 13/11/2003 | Книги | |||||||||||
| Universal Decimal Classification | АБ - Абонемент НБ | АБ - Абонемент НБ | 13/11/2003 | 6.28 | 32375 | 1 | 94 (477).075 К64 | 32375 | 25/01/2022 | 12/12/2019 | 13/11/2003 | Книги | ||||||||
| Universal Decimal Classification | АБ - Абонемент НБ | АБ - Абонемент НБ | 13/11/2003 | 19.33 | 33640 | 2 | 94 (477).075 К64 | 33640 | 25/01/2022 | 17/02/2020 | 13/11/2003 | Книги | ||||||||
| Universal Decimal Classification | АБ - Абонемент НБ | АБ - Абонемент НБ | 13/11/2003 | 20.00 | 40873 | 1 | 94 (477).075 К64 | 40873 | 25/01/2022 | 12/12/2019 | 13/11/2003 | Книги | ||||||||
| Universal Decimal Classification | АБ - Абонемент НБ | АБ - Абонемент НБ | 13/11/2003 | 40874 | 1 | 94 (477).075 К64 | 40874 | 19/07/2019 | 19/07/2019 | 13/11/2003 | Книги | 02/08/2019 | ||||||||
| Universal Decimal Classification | АБ - Абонемент НБ | АБ - Абонемент НБ | 13/11/2003 | 40875 | 1 | 94 (477).075 К64 | 40875 | 25/01/2022 | 12/12/2019 | 13/11/2003 | Книги | |||||||||
| Withdrawn | Universal Decimal Classification | Not For Loan | АБ - Абонемент НБ | АБ - Абонемент НБ | 13/11/2003 | 10.00 | 8410 | 94 (477).075 К64 | 8410 | 13/07/2019 | 13/11/2003 | Книги | 1 | |||||||
| Universal Decimal Classification | АБ - Абонемент НБ | АБ - Абонемент НБ | 14/10/2011 | 12.00 | 134610 | 94 (477).075 К64 | 134610 | 06/02/2022 | 14/10/2011 | Книги | 123/2011 | Колекція Кушніра М.П. | ||||||||
| Universal Decimal Classification | ЧЗ - Читальна зала | ЧЗ - Читальна зала | 10/02/2005 | 12.18 | 80447 | 94(477).075 К64 | 80447 | 07/02/2022 | 10/02/2005 | Книги | ||||||||||
| Universal Decimal Classification | ЧЗ - Читальна зала | ЧЗ - Читальна зала | 10/02/2005 | 12.18 | 80448 | 1 | 94(477).075 К64 | 80448 | 07/02/2022 | 13/12/2019 | 10/02/2005 | Книги | ||||||||
| Universal Decimal Classification | ЧЗ - Читальна зала | ЧЗ - Читальна зала | 10/02/2005 | 12.18 | 80449 | 1 | 94(477).075 К64 | 80449 | 07/02/2022 | 10/12/2019 | 10/02/2005 | Книги |